LIBRARY ONLINE CATALOGUE

stats: Data and Models (Record no. 18664)

MARC details
000 -LEADER
fixed length control field 00624nam a22002057a 4500
008 - FIXED-LENGTH DATA ELEMENTS--GENERAL INFORMATION
fixed length control field 201210b xxu||||| |||| 00| 0 eng d
020 ## - INTERNATIONAL STANDARD BOOK NUMBER
International Standard Book Number 9781292101637
040 ## - CATALOGING SOURCE
Original cataloging agency KABU
Transcribing agency KABU
050 ## - LIBRARY OF CONGRESS CALL NUMBER
Classification number QA 276.12
Item number .D48 2016 C.1
100 ## - MAIN ENTRY--PERSONAL NAME
Personal name Veaux, Richard D. De.
245 ## - TITLE STATEMENT
Title stats: Data and Models
Statement of responsibility, etc. Richard D. De Veaux, Paul F. Velleman and David E. Bock
260 ## - PUBLICATION, DISTRIBUTION, ETC. (IMPRINT)
Place of publication, distribution, etc. New York:
Name of publisher, distributor, etc. Pearson,
Date of publication, distribution, etc. 2016
300 ## - PHYSICAL DESCRIPTION
Extent 910p
650 ## - SUBJECT ADDED ENTRY--TOPICAL TERM
Topical term or geographic name as entry element Statistics
Form subdivision textbook
650 ## - SUBJECT ADDED ENTRY--TOPICAL TERM
Topical term or geographic name as entry element Mathematical statistics
Form subdivision Textbooks
700 ## - ADDED ENTRY--PERSONAL NAME
Personal name Veaux, Richard D. De
700 ## - ADDED ENTRY--PERSONAL NAME
Personal name Velleman, F. Paul
700 ## - ADDED ENTRY--PERSONAL NAME
Personal name Bock, E. David
942 ## - ADDED ENTRY ELEMENTS (KOHA)
Source of classification or shelving scheme Library of Congress Classification
Koha item type General Collection
Holdings
Withdrawn status Lost status Source of classification or shelving scheme Not for loan Home library Current library Date acquired Cost, normal purchase price Inventory number Total Checkouts Full call number Barcode Date last seen Copy number Price effective from Koha item type
    Library of Congress Classification   Kabarak, Main Campus Kabarak, Main Campus 10/12/2020 6778.00 2019/062269   QA 276.12 .D48 2016 C.1 028199 10/12/2020 C. 1 10/12/2020 General Collection